Príjmy z podnikania, z inej samostatnej zárobkovej činnosti a prenájmu: daňové výdavky
Odpisy hmotného alebo nehmotného majetku. Zostatková cena hmotného alebo nehmotného majetku. Výdavky, ktoré je daňovník povinný uhradiť. Tvorba rezerv a opravných položiek.
Enregistré dans:
| Auteur principal: | |
|---|---|
| Format: | Chapitre de livre |
| Langue: | slovaque |
| Sujets: | |
| Tags: |
Pas de tags, Soyez le premier à ajouter un tag!
|
MARC
| LEADER | 00000naa$a2200000$$$4500 | ||
|---|---|---|---|
| 001 | 0046261 | ||
| 005 | 20231106072232.8 | ||
| 041 | 0 | |a slo | |
| 044 | |a SK | ||
| 245 | 1 | 0 | |a Príjmy z podnikania, z inej samostatnej zárobkovej činnosti a prenájmu: daňové výdavky |c Valéria Jarinkovičová |
| 520 | |a Odpisy hmotného alebo nehmotného majetku. Zostatková cena hmotného alebo nehmotného majetku. Výdavky, ktoré je daňovník povinný uhradiť. Tvorba rezerv a opravných položiek. | ||
| 610 | 2 | 0 | |a výdavky daňové |
| 610 | 2 | 0 | |a odpisy |
| 610 | 2 | 0 | |a majetok hmotný |
| 610 | 2 | 0 | |a majetok nehmotný |
| 610 | 2 | 0 | |a ceny zostatkové |
| 610 | 2 | 0 | |a podnikatelia |
| 610 | 2 | 0 | |a príjmy |
| 610 | 2 | 0 | |a výdavky |
| 100 | 1 | |a Jarinkovičová, Valéria | |